• 首页
  • 本馆介绍
  • 公告通知
  • 最新文献
  • 馆藏检索
  • 电子资源
  • 读者导购
  • 参考咨询
  • 我的图书馆
  • 登录
  • 详细信息显示
  • 放入我的书架
  • 预约/预借图书
  • 作者相关作品
  • 分类相关作品
  • 丛书相关作品
  • 出版社相关作品

书目信息

  • 表格格式
  • 工作单格式
  • 卡片格式
题名:
药物生产与合成技术研究
    
 
作者: 夏然 , 马学骥 , 王占勇 著
分册:  
出版信息: 天津   天津科学技术出版社  2019.10
页数: 274页
开本: 26cm
丛书名:
单 册:
中图分类: TQ460.6 , R914.5
科图分类:
主题词: 药物--yao wu--生产工艺--研究 , 药物化学--yao wu hua xue--有机合成--研究
电子资源:
ISBN: 978-7-5576-7153-2
000 01038nam0 2200277 450
001 0106081831
005 20201106082045.0
010    @a978-7-5576-7153-2@dCNY76.00
100    @a20200512e20202019em y0chiy50 ea
101 0  @achi
102    @aCN@b120000
105    @ay z 000yy
106    @ar
200 1  @a药物生产与合成技术研究@Ayao wu sheng chan yu he cheng ji shu yan jiu@f夏然, 马学骥, 王占勇著
210    @a天津@c天津科学技术出版社@d2019.10@h2020.06
215    @a274页@d26cm
330    @a本书共11章,主要内容包括:有机合成药物生产技术、生化药物生产技术、复方医药膏剂合成技术、其他药物合成技术、卤化反应技术、还原反应技术、酰化反应技术、烃化反应技术、缩合反应技术、氧化反应技术、药物合成新方法。
606 0  @a药物@Ayao wu@x生产工艺@x研究
606 0  @a药物化学@Ayao wu hua xue@x有机合成@x研究
690    @aTQ460.6@v5
690    @aR914.5@v5
701  0 @a夏然@Axia ran@4著
701  0 @a马学骥@Ama xue ji@4著
701  0 @a王占勇@Awang zhan yong@4著
801  0 @aCN@bBJSZM@c20201106
905    @b1192592-5@dTQ460.6@e117@f4
    
    药物生产与合成技术研究/夏然, 马学骥, 王占勇著.-天津:天津科学技术出版社,2019.10(2020.06)
    274页;26cm
    
    
    ISBN 978-7-5576-7153-2:CNY76.00
    本书共11章,主要内容包括:有机合成药物生产技术、生化药物生产技术、复方医药膏剂合成技术、其他药物合成技术、卤化反应技术、还原反应技术、酰化反应技术、烃化反应技术、缩合反应技术、氧化反应技术、药物合成新方法。
●
相关链接 在E读中查询图书 在五车中查询图书 在当当中查询图书 在豆瓣中查询图书


正题名:药物生产与合成技术研究     索取号:TQ460.6/117         预约/预借

序号 登录号 条形码 馆藏地/架位号 状态 备注
1 1192592   211925924   第二样本阅览室/ [索取号:TQ460.6/117] 在馆    
2 1192593   211925933   第三借阅区/ [索取号:TQ460.6/117] 在馆    
3 1192594   211925942   第三借阅区/ [索取号:TQ460.6/117] 在馆    
4 1192595   211925951   第三借阅区/ [索取号:TQ460.6/117] 在馆    
唐山师范学院图书馆 欢迎您!
大连网信软件有限公司© 版权所有